| 000 | 00000nam##2200000za#4500 |
| 001 | 9.599554 |
| 003 | CaOODSP |
| 005 | 20240501092931 |
| 007 | cr ||||||||||| |
| 008 | 150406|1998||||xxc|||||o f|0| 0 fre|d |
| 040 | |aCaOODSP|bfre |
| 043 | |an-cn--- |
| 086 | 1 |aPS83-3/73F-PDF |
| 110 | 2 |aService correctionnel Canada. |
| 245 | 10|aRésultats d'une étude pilote du Programme d'entraide des délinquantes / |h[ressource électronique]|c[par] Kelley Blanchette et Gordana Eljdupovic-Guzina. |
| 260 | |bService correctionnel Canada |cAoût 1998. |
| 300 | |a99p.|bfigure, références, tableaux |
| 490 | 1 |aRapport de recherche|v[R-73] |
| 590 | |a10-12-Supp|b2010-11-18 |
| 720 | 1 |aBlanchette, Kelley |
| 720 | 1 |aEljdupovic-Guzina, Gordana |
| 775 | 08|tResults of a pilot study of the Peer Support Program for Women Offenders / |w(CaOODSP)9.568264 |
| 830 | #0|aRapport de recherche (Service correctionnel Canada. Direction de la recherche)|v[R-73]|w(CaOODSP)9.502465 |
| 856 | 40|ahttp://publications.gc.ca|qPDF|s286 Ko|uhttps://publications.gc.ca/collections/collection_2010/scc-csc/PS83-3-73-fra.pdf|y[R-73] |